Largest Ethnic Groups in the World - Statistics

General Stats
  • This quiz has been taken 140 times
  • The average score is 9 of 15
Answer Stats
Population Ethnic Group % Correct
1.4B+ Han Chinese
97%
135M+ Russian
83%
460M+ Arab
78%
100M+ German
76%
126M+ Japanese
75%
290M+ Bengali
61%
220M+ Malay
61%
150M+ Punjabi
60%
100M+ Turkish
53%
89M+ Vietnamese
53%
80M+ Italian
52%
89M+ Tamil
47%
83M+ Tagalog
45%
84M+ Marathi
32%
95M+ Telugu
29%
No matching quizzes found
Score Distribution
Percent of People with Each Score
Percentile by Number Answered
Your Score History
You have not taken this quiz